| 000 | 00548nam a22001817a 4500 | ||
|---|---|---|---|
| 999 |
_c113784 _d113784 |
||
| 003 | OSt | ||
| 005 | 20200908221641.0 | ||
| 008 | 190724b2008 ||||| |||| 00| 0 eng | ||
| 040 | _cNLS | ||
| 082 | _a340.092 VYA | ||
| 100 | _aVyas Sukhdeo | ||
| 245 |
_aJustice Shivaraj V Patil : _cA blend of justice and humility |
||
| 260 |
_aJodhpur _bVijaya Publishers _c2008 |
||
| 300 | _aHB | ||
| 505 | _aContents 1 Biography 1.1 Legal career 1.2 Post-judicial career 2 References | ||
| 600 | _aLegal Biographies - Shivaraj Patil | ||
| 942 |
_2ddc _cBK |
||